000 00698nmm a2200241 a 4500
003 AR-BaBNM
005 20251128203636.0
008 197019s1910 ||||||||||||||000 | spa||
040 _cAR-BaBNM
100 1 _aZubiaur, José Benjamín
_d1856-1921
245 1 0 _aEnseñanza de adultos e instituciones complementarias de la escuela en Norte América
260 _aBuenos Aires
_bPerrotti
_c1910
300 0 _a260 p.
650 4 _aEDUCACION DE ADULTOS
650 4 _aSIGLO DIECINUEVE
650 4 _aESCUELAS NOCTURNAS
650 4 _aESCUELAS CONFESIONALES
650 4 _aBIBLIOTECAS PUBLICAS
651 4 _aEstados Unidos
653 0 _aINSTITUCIONES EDUCATIVAS
942 _cBK
998 _cCARMEN
999 _c4292
_d4292